Countries Closest to the Moon - Statistics

General Stats
  • This quiz has been taken 12 times
  • The average score is 16 of 20
Answer Stats
Geocentric Distance Country % Correct
6382.3 China
100%
6384.4 Ecuador
100%
6381.6 India
100%
6382.3 Nepal
100%
6382.7 Colombia
90%
6381.5 DR Congo
90%
6380.5 Indonesia
90%
6382.5 Kenya
90%
6381.8 Uganda
90%
6381.5 Bhutan
80%
6380.8 Papua New Guinea
80%
6380.5 Ethiopia
80%
6379.7 Mexico
80%
6382.1 Peru
80%
6381.6 Rwanda
80%
6382 Tanzania
80%
6379.5 Venezuela
80%
6380.2 Bolivia
70%
6378.8 Laos
40%
6379.3 Philippines
40%
No matching quizzes found
Score Distribution
Percent of People with Each Score
Percentile by Number Answered
Your Score History
You have not taken this quiz